00322nam a2200109 a 4500008004100000050001100041100002100052245008100073246004000154260000900194350000900203120416s9999 ||||||||||||||||| || u aTHESIS aMupunda, Katongo14aThe survival of former ZCCM social service organisations after privatisation aa case of Mpelembe Secondary School a2001 a0.00